Fundamentos de termodinámica técnica

Guardat en:
Dades bibliogràfiques
Autors principals: Moran, Michael J. (autor), Shapiro, Howard N (Autor)
Format: Llibre
Idioma:espanyol
Publicat: Barcelona Reverté 2004
Edició:2a. ed
Matèries:
Etiquetes: Afegir etiqueta
Sense etiquetes, Sigues el primer a etiquetar aquest registre!

MARC

LEADER 00000nam a2200000 a 4500
001 UCK9285
003 CL-VaPUC
008 060428e20040000SP |||||||||||||||||spa|d
020 |a 8429143130 
082 0 4 |a 621.402  |b MOR  |2 21 
100 |a Moran, Michael J.  |e autor  |9 499002 
700 0 |a Shapiro, Howard N  |e author  |9 499003 
245 1 0 |a Fundamentos de termodinámica técnica 
250 |a 2a. ed 
300 |a 872 p 
942 |c BK 
945 |d 20060428 00:00:00  |a cmena 
260 |a Barcelona  |b Reverté  |c 2004 
650 0 |a Termodinámica   |9 259320 
650 0 |a Energía térmica  |9 357587 
650 0 |a Calor  |9 260253 
650 0 |a Entropía  |9 262675 
650 0 |a Refrigeración  |9 259343 
650 7 |a EQUILIBRIO DE FASE  |2 CL-VaPUC  |9 337406 
650 0 |a Reacciones químicas  |9 259438 
650 7 |a INGENIERIA QUIMICA  |2 CL-VaPUC  |9 8 
583 |a last modification  |c 20060428 00:00:00  |k Rodrigo Vera 
999 |c 316513  |d 316511 
952 |0 0  |1 0  |2 ddc  |4 0  |6 621_402000000000000_MOR_2004  |7 0  |8 A  |9 390929  |a BIBING  |b BIBING  |c RES  |d 2019-11-22  |i 4224140  |o 621.402 MOR 2004  |p 4224140  |r 2025-01-20  |w 2019-11-22  |y BK  |k ING 
952 |0 0  |1 0  |2 ddc  |4 0  |6 621_402000000000000_MOR_2004  |7 0  |8 R  |9 390930  |a BIBMEC  |b BIBMEC  |d 2019-11-22  |i 4514289  |l 5  |o 621.402 MOR 2004  |p 4514289  |r 2024-05-27  |s 2024-05-24  |w 2019-11-22  |y BK_R  |k MEC 
952 |0 0  |1 0  |4 0  |6 621_402000000000000_MOR_2004  |7 0  |8 R  |9 390932  |a BIBMEC  |b BIBMEC  |d 2019-11-22  |i 4514262  |o 621.402 MOR 2004  |p 4514262  |r 2024-01-19  |w 2019-11-22  |y BK_R  |k MEC 
952 |0 0  |1 0  |2 ddc  |4 0  |6 621_402000000000000_MOR_2004  |7 0  |8 A  |9 390933  |a BIBING  |b BIBING  |c RES  |d 2019-11-22  |i 4701089  |o 621.402 MOR 2004  |p 4701089  |r 2025-01-20  |w 2019-11-22  |y BK  |k EIB 
952 |0 0  |1 0  |2 ddc  |4 0  |6 621_402000000000000_MOR_2004  |7 0  |8 A  |9 390934  |a BIBING  |b BIBING  |c RES  |d 2019-11-22  |i 4701097  |l 1  |o 621.402 MOR 2004  |p 4701097  |q 2025-06-09  |r 2025-05-09  |s 2025-05-09  |w 2019-11-22  |y BK  |k EIB 
952 |0 0  |1 0  |2 ddc  |4 0  |6 621_402000000000000_MOR_2004  |7 0  |8 A  |9 390935  |a BIBING  |b BIBING  |c RES  |d 2019-11-22  |i 4701100  |o 621.402 MOR 2004  |p 4701100  |r 2025-01-20  |w 2019-11-22  |y BK  |k EIB 
952 |0 0  |1 0  |2 ddc  |4 0  |6 621_402000000000000_MOR_2004  |7 0  |8 A  |9 390936  |a BIBING  |b BIBING  |c RES  |d 2019-11-22  |i 4701119  |o 621.402 MOR 2004  |p 4701119  |r 2025-01-20  |w 2019-11-22  |y BK  |k EIB